Govt. of
Madhya Pradesh

Varahamihira And His Times (Record no. 3859)

MARC details
000 -LEADER
fixed length control field 004460000a22001810004500
003 - CONTROL NUMBER IDENTIFIER
control field MACL
005 - DATE AND TIME OF LATEST TRANSACTION
control field 20151001175920.0
008 - FIXED-LENGTH DATA ELEMENTS--GENERAL INFORMATION
fixed length control field 151001b xxu||||| |||| 00| 0 eng d
040 ## - CATALOGING SOURCE
Original cataloging agency MACL
Transcribing agency MACL
041 ## - LANGUAGE CODE
Language code of text/sound track or separate title English
082 ## - DEWEY DECIMAL CLASSIFICATION NUMBER
Classification number 900/SHA
100 ## - MAIN ENTRY--PERSONAL NAME
Personal name Shastri, Ajay Mitra
9 (RLIN) 13201
245 ## - TITLE STATEMENT
Title Varahamihira And His Times
260 ## - PUBLICATION, DISTRIBUTION, ETC. (IMPRINT)
Name of publisher, distributor, etc. Kusumanjali Prakashan
Date of publication, distribution, etc. 1991
Place of publication, distribution, etc. Jodhpur
350 ## - PRICE (NR) (BK AM CF MU VM SE) [OBSOLETE]
Price 300
650 ## - SUBJECT ADDED ENTRY--TOPICAL TERM
Topical term or geographic name as entry element History
9 (RLIN) 13202
942 ## - ADDED ENTRY ELEMENTS (KOHA)
Koha item type Books
Call number prefix 900
Source of classification or shelving scheme
Holdings
Withdrawn status Lost status Source of classification or shelving scheme Damaged status Not for loan Home library Current library Date acquired Cost, normal purchase price Total Checkouts Total Renewals Full call number Barcode Date last seen Date last checked out Uniform Resource Identifier Price effective from Koha item type
          MACL MACL 15/04/2015 300.00 1 1 900/SHA CRE006661 02/05/2024 07/10/2023 3837 15/04/2015 Books